Artificial life models in software
Saved in:
| Main Authors: | , |
|---|---|
| Format: | Bog |
| Sprog: | engelsk |
| Udgivet: |
Londres
Springer
2009
|
| Udgivelse: | 2a. ed |
| Fag: | |
| Tags: |
Tilføj Tag
Ingen Tags, Vær først til at tagge denne postø!
|
MARC
| LEADER | 00000nam a2200000 a 4500 | ||
|---|---|---|---|
| 001 | UCH9467 | ||
| 003 | CL-VaPUC | ||
| 008 | 100107e20090000UK |||||||||||||||||eng|d | ||
| 020 | |a 9781848822849 | ||
| 082 | 0 | 4 | |a 006.3 |b KOM |2 21 |
| 100 | 0 | |a Komosinski, Maciej |e author |9 546589 | |
| 700 | 0 | |a Adamatzky, Andrew |e author |9 546590 | |
| 245 | 1 | 0 | |a Artificial life models in software |
| 250 | |a 2a. ed | ||
| 300 | |a 441 p | ||
| 942 | |c BK | ||
| 945 | |d 20100107 00:00:00 |a dcastane | ||
| 260 | |a Londres |b Springer |c 2009 | ||
| 650 | 7 | |a INTELIGENCIA ARTIFICIAL |2 CL-VaPUC |9 546591 | |
| 650 | 0 | |a Computadores |9 258188 | |
| 583 | |a last modification |c 20100107 00:00:00 |k Rodrigo Vera | ||
| 999 | |c 339435 |d 339433 | ||
| 952 | |0 0 |1 0 |4 0 |6 006_300000000000000_KOM_2009 |7 0 |8 A |9 433090 |a BIBING |b BIBING |d 2019-11-22 |i 4633024 |l 1 |m 2 |o 006.3 KOM 2009 |p 4633024 |r 2025-01-20 |s 2023-08-16 |w 2019-11-22 |y BK |k EII | ||